Chanchin Tha Johana Ziak Chhuizauna: (Record no. 5406)

MARC details
000 -LEADER
fixed length control field 00557nam a22001817a 4500
003 - CONTROL NUMBER IDENTIFIER
control field GBCCL
005 - DATE AND TIME OF LATEST TRANSACTION
control field 20241126110541.0
008 - FIXED-LENGTH DATA ELEMENTS--GENERAL INFORMATION
fixed length control field 180316b ||||| |||| 00| 0 eng d
040 ## - CATALOGING SOURCE
Transcribing agency gbc
082 ## - DEWEY DECIMAL CLASSIFICATION NUMBER
Classification number VER 226.5061
Item number LAL
100 ## - MAIN ENTRY--PERSONAL NAME
Personal name Lalthanliana, Ronald
9 (RLIN) 7922
245 ## - TITLE STATEMENT
Title Chanchin Tha Johana Ziak Chhuizauna:
Remainder of title Part II (Bung 8 - 14) /
Statement of responsibility, etc. Ronald Lalthanliana
260 ## - PUBLICATION, DISTRIBUTION, ETC.
Name of publisher, distributor, etc. Evangelical Free Church of Myanmar,
Place of publication, distribution, etc. Yangon:
Date of publication, distribution, etc. 1997
300 ## - PHYSICAL DESCRIPTION
Extent 671 p.;
Dimensions 21 cm.
440 ## - SERIES STATEMENT/ADDED ENTRY--TITLE
Title L/P Book
Volume/sequential designation 129
9 (RLIN) 9712
650 ## - SUBJECT ADDED ENTRY--TOPICAL TERM
Topical term or geographic name entry element Bible
Form subdivision N. T.
-- John
General subdivision Survey
9 (RLIN) 9713
942 ## - ADDED ENTRY ELEMENTS (KOHA)
Source of classification or shelving scheme Dewey Decimal Classification
Koha item type Books
Holdings
Withdrawn status Lost status Source of classification or shelving scheme Damaged status Not for loan Collection Home library Current Library Shelving location Date acquired Total checkouts Full call number Barcode Date last seen Copy number Price effective from Koha item type
    Dewey Decimal Classification       GRACE BIBLE COLLEGE GRACE BIBLE COLLEGE Vernacular 2018-03-16   VER 226.5061 LAL 005263 2025-05-01 c.1 2018-03-16 Books
© Grace Bible College Library 2025